书目信息 |
| 题名: |
义务教育历史课程标准
|
|
| 作者: | ;中华人民共和国教育部 制定 | |
| 分册: | ||
| 出版信息: | 北京 北京师范大学出版社 2022 |
|
| 页数: | 79页 | |
| 开本: | 26cm | |
| 丛书名: | ||
| 单 册: | ||
| 中图分类: | G633.513 , G632.3 | |
| 科图分类: | ||
| 主题词: | 中学历史课--课程标准--初中 | |
| 电子资源: | ||
| ISBN: | 978-7-303-27596-0 | |
| 000 | 00902nam0 2200241 450 | |
| 001 | 012024000949 | |
| 005 | 20241120093126.02 | |
| 010 | @a978-7-303-27596-0@dCNY15.00 | |
| 100 | @a20241119d2022 em y0chiy50 ea | |
| 101 | 0 | @achi |
| 102 | @aCN@b110000 | |
| 105 | @ay z 000yy | |
| 106 | @ar | |
| 200 | 1 | @a义务教育历史课程标准@Ayi wu jiao yu li shi ke cheng biao zhun@e2022年版@f中华人民共和国教育部制定 |
| 210 | @a北京@c北京师范大学出版社@d2022 | |
| 215 | @a79页@d26cm | |
| 330 | @a本书根据国家文件,规定历史学科的课程性质、课程理念、课程目标、课程内容、学业质量、课程实施的教学指导性文件,提出了面向全体学生的学习基本要求。 | |
| 606 | 0 | @a中学历史课@x课程标准@x初中 |
| 690 | @aG633.513@v5 | |
| 690 | @aG632.3@v4 | |
| 711 | 02 | @a中华人民共和国教育部@Azhong hua ren min gong he guo jiao yu bu@4制定 |
| 801 | 0 | @aCN@bAHXH@c20241119 |
| 905 | @b214173801@b214173810@b214173829@dG632.3@e1573@f3 | |
| 义务教育历史课程标准:2022年版/中华人民共和国教育部制定.-北京:北京师范大学出版社,2022 |
| 79页;26cm |
| ISBN 978-7-303-27596-0:CNY15.00 |
| 本书根据国家文件,规定历史学科的课程性质、课程理念、课程目标、课程内容、学业质量、课程实施的教学指导性文件,提出了面向全体学生的学习基本要求。 |
| ● |
| 相关链接 |
|
|
|
|
正题名:义务教育历史课程标准
索取号:G632.3/1573
 
预约/预借
| 序号 | 登录号 | 条形码 | 馆藏地/架位号 | 状态 | 备注 |
| 1 | 1417380 | 214173801 | 第一样本阅览室/ [索取号:G632.3/1573] | 在馆 | |
| 2 | 1417381 | 214173810 | 第四借阅区/ [索取号:G632.3/1573] | 在馆 | |
| 3 | 1417382 | 214173829 | 第四借阅区/ [索取号:G632.3/1573] | 在馆 |